Summer Olympics Hosts (Country and City) - Statistics

General Stats
  • This quiz has been taken 38 times
  • The average score is 28 of 40
Answer Stats
Year Countries % Correct
2024 France
100%
London
100%
Paris
100%
2012 UK
100%
2021 Japan
97%
Tokyo
97%
2004 Greece
90%
Athens
87%
2016 Brazil
87%
2008 China
87%
1984 USA
87%
2000 Australia
83%
Beijing
83%
Sydney
83%
1996 USA
83%
Los Angeles
80%
Atlanta
73%
Barcelona
73%
Munich
73%
1992 Spain
73%
1972 West Germany
73%
1956 (2) Australia, Sweden
70%
Melbourne, Stockholm
70%
Rio de Janeiro
63%
London
60%
1968 Mexico
60%
Mexico City
60%
Moscow
60%
1980 Soviet Union
60%
1948 UK
60%
Seoul
53%
1988 South Korea
53%
1976 Canada
50%
Montreal
47%
1960 Italy
43%
1964 Japan
43%
Rome
43%
Tokyo
43%
1952 Finland
37%
Helsinki
37%
No matching quizzes found
Score Distribution
Percent of People with Each Score
Percentile by Number Answered
Your Score History
You have not taken this quiz